书目信息 |
| 题名: |
诗词佳句灯谜
|
|
| 作者: | 蔡芳 , 王德海 编著 | |
| 分册: | ||
| 出版信息: | 北京 学苑出版社 2005.1 |
|
| 页数: | 412页 | |
| 开本: | 21cm | |
| 丛书名: | ||
| 单 册: | ||
| 中图分类: | I277.8 | |
| 科图分类: | ||
| 主题词: | 灯谜--deng mi , 诗词--shi ci , 灯谜--deng mi--诗词--中国 | |
| 电子资源: | ||
| ISBN: | 7-5077-2391-7 | |
| 000 | 00840nam0 2200265 450 | |
| 001 | CAL 012006082898 | |
| 005 | 20061030145526.67 | |
| 010 | @a7-5077-2391-7@dCNY18.50 | |
| 099 | @aCAL 012006082898 | |
| 100 | @a20060918d2005 em y0chiy0120 ea | |
| 101 | 0 | @achi |
| 102 | @aCN@b110000 | |
| 105 | @ay z 000gy | |
| 200 | 1 | @a诗词佳句灯谜@Ashi ci jia ju deng mi@f蔡芳, 王德海编著 |
| 210 | @a北京@c学苑出版社@d2005.1 | |
| 215 | @a412页@d21cm | |
| 330 | @a本书选编入书4800多条诗词佳句灯迷, 多为雅俗共赏之作, 按五、七言唐诗, 五、七言宋诗, 唐五代词, 宋词, 毛泽东词分别作谜面和谜底。 | |
| 606 | 0 | @a灯谜@Adeng mi |
| 606 | 0 | @a诗词@Ashi ci |
| 606 | 0 | @a灯谜@Adeng mi@x诗词@y中国 |
| 690 | @aI277.8@v4 | |
| 701 | 0 | @a蔡芳@Acai fang@4编著 |
| 701 | 0 | @a王德海@Awang de hai@4编著 |
| 801 | 0 | @aCN@c20061030 |
| 905 | @apdsgxy@dI277.8@eC032 | |
| 诗词佳句灯谜/蔡芳, 王德海编著.-北京:学苑出版社,2005.1 |
| 412页;21cm |
| ISBN 7-5077-2391-7:CNY18.50 |
| 本书选编入书4800多条诗词佳句灯迷, 多为雅俗共赏之作, 按五、七言唐诗, 五、七言宋诗, 唐五代词, 宋词, 毛泽东词分别作谜面和谜底。 |
| ● |
| 相关链接 |
|
|
|
正题名:诗词佳句灯谜
索取号:I277.8/C032
 
预约/预借
| 序号 | 登录号 | 条形码 | 馆藏地/架位号 | 状态 | 备注 |
| 1 | 635048 | 206350483 | 社科二线422/422社科库 9排2列1层/ [索取号:I277.8/C032] | 在馆 | |
| 2 | 635049 | 206350492 | 文学库116/116文学库 12排6列5层/ [索取号:I277.8/C032] | 在馆 | |
| 3 | 635050 | 206350508 | 文学库116/116文学库 12排6列5层/ [索取号:I277.8/C032] | 在馆 |